书目信息 |
| 题名: |
中国国民体质监测系统的研究
|
|
| 作者: | 董英双 | |
| 分册: | ||
| 出版信息: | 北京 北京体育大学出版社 2000 |
|
| 页数: | 340 | |
| 开本: | 29cm | |
| 丛书名: | ||
| 单 册: | ||
| 中图分类: | R194 | |
| 科图分类: | ||
| 主题词: | 医药卫生组织机构 , 医疗保健事业 | |
| 电子资源: | ||
| ISBN: | 7-81003-829-X | |
| 000 | 00583nam0 2200193 450 | |
| 001 | 0736480453 | |
| 005 | 20070817100800.46 | |
| 010 | @a7-81003-829-X@d¥80.00 | |
| 100 | @a20070817d km y0chiy0120 ea | |
| 101 | 0 | @achi |
| 200 | 1 | @a中国国民体质监测系统的研究@Azhong guo guo min ti zhi jian ce xi tong de yan jiu@f董英双@Fdong ying shuang |
| 210 | @a北京@c北京体育大学出版社@d2000 | |
| 215 | @a340@d29cm | |
| 606 | 0 | @a医药卫生组织机构 |
| 606 | 0 | @a医疗保健事业 |
| 690 | @aR194@v3 | |
| 701 | 0 | @a董英双@Adong ying shuang |
| 801 | 0 | @aCN@bPFT@c20070817 |
| 905 | @a213230@dR194@et1@f1 | |
| 中国国民体质监测系统的研究/董英双.-北京:北京体育大学出版社,2000 |
| 340;29cm |
| ISBN 7-81003-829-X:¥80.00 |
| ● |
| 相关链接 |
|
|
|
|
正题名:中国国民体质监测系统的研究
索取号:R194/t1
 
预约/预借
| 序号 | 登录号 | 条形码 | 馆藏地/架位号 | 状态 | 备注 |
| 1 | 6901797 | 269017976 | 密集书库-体育系/ [索取号:R194/t1] | 在馆 | |
| 2 | 6901801 | 269018010 | 密集书库-体育系/ [索取号:R194/t1] | 在馆 | |
| 3 | 6901805 | 269018056 | 密集书库-体育系/ [索取号:R194/t1] | 在馆 |